| 000 | 00889nab a2200289 4500 | ||
|---|---|---|---|
| 003 | BR-BrBNA | ||
| 005 | 20250430225538.0 | ||
| 008 | 250430b bl.||||| |||| 00| 0 por d | ||
| 040 |
_aBR-BrBNA _bpor |
||
| 072 | _aE50 ; Q60 ; E80 | ||
| 100 | _aAndrade, Lívia | ||
| 245 |
_aVida de vaqueiro _bEstilo no Campo |
||
| 500 | _a5 illus. | ||
| 650 | _aSOCIOLOGIA RURAL | ||
| 650 | _aTRABALHADOR RURAL | ||
| 650 | _aNORDESTE | ||
| 650 | _aSERTÃO | ||
| 650 | _aNÍVEL DE VIDA | ||
| 650 | _aCONDIÇÃO SOCIAL | ||
| 650 | _aCOURO | ||
| 650 | _aPROCESSAMENTO | ||
| 650 | _aINDÚSTRIA CASEIRA | ||
| 650 | _aINDÚSTRIA DE CURTUME | ||
| 773 | 0 |
_01706 _9347862 _dSão Paulo-SP Editora Três Ltda - E-mail: luizfsa@revistadinheiro.com.br 2004 _o2025-0363 _tDinheiro Rural (Brazil) _x1807-3700 _gv. 4(32) p. 70-72; (Jun 2007) _wBR2025000887 |
|
| 942 | _cANA | ||
| 999 |
_c331300 _d331300 |
||